Принципы построения экспертных систем синтеза и оптимизации составов буровых растворов; Проблемы научно-технического прогресса в бурении геологоразведочных скважин

গ্রন্থ-পঞ্জীর বিবরন
Parent link:Проблемы научно-технического прогресса в бурении геологоразведочных скважин.— 1994.— С. 66-67
প্রধান লেখক: Чубик П. С. Петр Савельевич
অন্যান্য লেখক: Воловоденко В. А.
ভাষা:রুশ
প্রকাশিত: 1994
বিষয়গুলি:
বিন্যাস: MixedMaterials গ্রন্থের অধ্যায়
KOHA link:https://koha.lib.tpu.ru/cgi-bin/koha/opac-detail.pl?biblionumber=203736

MARC

LEADER 00000naa2a2200000 4500
001 203736
005 20231031185704.0
035 |a (RuTPU)RU\TPU\book\222027 
090 |a 203736 
100 |a 20111110d1994 k y0rusy50 ca 
101 0 |a rus 
102 |a RU 
200 1 |a Принципы построения экспертных систем синтеза и оптимизации составов буровых растворов  |f П. С. Чубик, В. А. Воловоденко 
463 0 |0 (RuTPU)RU\TPU\book\28816  |t Проблемы научно-технического прогресса в бурении геологоразведочных скважин  |o тезисы докладов Всероссийской научно-технической конференции, Томск, 22-24 ноября 1994 г.  |f Томский политехнический университет (ТПУ) ; Проблемы научно-технического прогресса в бурении геологоразведочных скважин, Всероссийская научно-техническая конференция ; под ред. В. В. Кривошеева, В. Г. Храменкова  |v С. 66-67  |d 1994  |p 72 с. 
610 1 |a труды учёных ТПУ 
700 1 |a Чубик  |b П. С.  |c российский геолог  |c профессор, ректор Томского политехнического университета ( с 2008 г.)  |f 1954-  |g Петр Савельевич  |2 stltpush  |3 (RuTPU)RU\TPU\pers\24546 
701 1 |a Воловоденко  |b В. А. 
801 1 |a RU  |b 63413507  |c 20111110 
942 |c BK